Nave`s Topical Bible. (Record no. 13382)

MARC details
000 -LEADER
fixed length control field 00606nam a2200241 a 4500
020 ## - INTERNATIONAL STANDARD BOOK NUMBER
ISBN 0310100
082 00 - DEWEY DECIMAL CLASSIFICATION NUMBER
Classification number 220.3
Author Cutter NAV
100 ## - MAIN ENTRY--AUTHOR NAME
Author name Nave, Orville J
245 ## - TITLE STATEMENT
Title Nave`s Topical Bible.
260 ## - PUBLICATION, DISTRIBUTION, ETC. (IMPRINT)
Place of publication Michigan
Name of publisher Zondervan Publishing House
Year of publication 1969
300 ## - PHYSICAL DESCRIPTION
Number of Pages 1114p
500 ## - GENERAL NOTE
General note includes index and biblioraphy
505 2# - FORMATTED CONTENTS NOTE
Formatted contents note Subject Index
650 ## - SUBJECT ADDED ENTRY--TOPICAL TERM
Topical Term Bible-Dictionaries
942 ## - ADDED ENTRY ELEMENTS (KOHA)
Koha item type Books
700 1# -
-- Nave, Orville J
Holdings
Collection code Home library Current library Shelving location Date acquired Cost, normal purchase price Full call number Accession Number Koha item type
Reference Henry Martyn Institute Library Henry Martyn Institute Library Reference 06/15/2007 440.00 220.3 NAV 019619 Books
                   Copyright © 2026 | Henry Martyn Institute | Hyderabad | TS-500052 | INDIA | Implemented by hmi.edu.in
Hit-Count:

Powered by Koha